000
00258nam a2200109Ia 4500
008
190216s9999||||xx |||||||||||||| ||und||
100
_a
Kuttikrishna Marar
245
0
_a
Pathinanjupanyasam
260
_b
Nbs Kottayam
650
_a
Essay Malayalam
942
_c
BK
999
_c
24806
_d
24806